Datum a čas kvízu
34
Celkem bodů
Celkový počet nahraných bodů na tomto kvízu bez doplňovacích otázek.
6.
Pořadí na kvízu
Konečné umístění týmu na tomto kvízu.
Zaznamenané odpovědi
| # | Otázka | Odpověď | Body | Výsledky |
|---|---|---|---|---|
| 1. | V tomto tématu vyzkoušíme Vaše... | Jakarta, červená | 1 | |
| 2. | Samotný název Indonésie pocház... | ostrov | 0 | |
| 3. | Velmi ceněnou indonéskou komod... | muškátový oříšek | 0 | |
| 4. | Dějiny současného státu Indoné... | C | 0 | |
| 5. | Které z těchto tvrzení o Indon... | D | 0 | |
| 11. | Slowfood je protikladem k rych... | ve vakuu | 1 | |
| 12. | Tradičním pokrmem francouzské... | kohoutí krev | 1 | |
| 13. | Svíčková na smetaně je tradičn... | pod číslem 19 | 1 | |
| 14. | Jak se nazývá vyobrazené kuchy... | římský hrnec | 1 | |
| 15. | Nejlepší šéfkuchaři si dopředu... | silný zahuštěný telecí nebo hovězí vývar | 1 |